|
|
|
|
| LEADER |
00000nam a2200000 4500 |
| 001 |
vtls012130993 |
| 003 |
SK-MaSNL |
| 005 |
20260301055427.0 |
| 008 |
220413s2021 xo o e c 000 0 slo |
| 015 |
|
|
|a SNBE2024
|
| 020 |
|
|
|a 9788099920126
|q (brožované)
|
| 040 |
|
|
|a SNK
|b slo
|c SNK
|e rda
|
| 041 |
0 |
|
|a slo
|a eng
|
| 043 |
|
|
|a e-xo---
|
| 044 |
|
|
|a xo
|c SK
|
| 072 |
|
7 |
|a 7.01/.09
|x Umenie
|2 konspekt
|
| 080 |
|
|
|a 688
|2 2011
|
| 080 |
|
|
|a 738/749.05
|2 2011
|
| 080 |
|
|
|a 502.5
|2 2011
|
| 080 |
|
|
|a 72.033.5
|2 2011
|
| 080 |
|
|
|a 615.89:633.8
|2 2011
|
| 080 |
|
|
|a 7.07
|2 2011
|
| 080 |
|
|
|a (437.6)
|2 2011
|
| 080 |
|
|
|a (083.824)
|2 2011
|
| 110 |
2 |
|
|a Suvenír (projekt)
|b Suvenir_contemporary art & craft_suvenir Turiec
|n (6. :
|d 2021 :
|c Martin, Slovensko)
|4 aut
|9 369019
|
| 245 |
1 |
0 |
|a Suvenir Turiec 2021
|c autori textov: Nina A. Šošková, Adam Galko, Kristína Zvedelová ; fotografie: Marko Horban ; preklad: Ivana Klimová, Erika Šoška
|
| 264 |
|
1 |
|a Martin
|b Turčianska galéria v Martine
|c 2021
|
| 300 |
|
|
|a 39 nečíslovaných strán
|b fotografie
|c 21 cm
|
| 336 |
|
|
|a text
|b txt
|2 rdacontent
|
| 336 |
|
|
|a statický obraz
|b sti
|2 rdacontent
|
| 337 |
|
|
|a bez média
|b n
|2 rdamedia
|
| 338 |
|
|
|a zväzok
|b nc
|2 rdacarrier
|
| 500 |
|
|
|a Názov z obálky
|
| 500 |
|
|
|a Projekt: suvenir_contemporary art & craft v spolupráci s Turčianskou galériou v Martine
|
| 546 |
|
|
|a Súbežný text v angličtine
|
| 650 |
0 |
7 |
|a upomienkové predmety
|2 SNKPH
|9 369020
|
| 650 |
0 |
7 |
|a umelecké predmety
|2 SNKPH
|9 2738
|
| 650 |
0 |
7 |
|a krajina
|2 SNKPH
|9 15725
|
| 650 |
0 |
7 |
|a gotická architektúra
|2 SNKPH
|9 69695
|
| 650 |
0 |
7 |
|a olejkárstvo
|2 SNKPH
|9 30177
|
| 650 |
0 |
7 |
|a umelecká inšpirácia
|2 SNKPH
|9 101924
|
| 650 |
0 |
7 |
|a Souvenirs (keepsakes)
|2 SNKPHeng
|9 369021
|
| 650 |
0 |
7 |
|a Art objects
|2 SNKPHeng
|9 315100
|
| 650 |
0 |
7 |
|a Landscape
|2 SNKPHeng
|9 327414
|
| 650 |
0 |
7 |
|a gothic architecture
|2 SNKPHeng
|9 327094
|
| 650 |
0 |
7 |
|a Healing oils making and selling
|2 SNKPHeng
|9 369022
|
| 650 |
0 |
7 |
|a Inspiration in art
|2 SNKPHeng
|9 327511
|
| 651 |
|
7 |
|a Turiec (Slovensko : región)
|2 SNKPH
|9 238871
|
| 651 |
|
7 |
|a Turiec (Slovakia : region)
|2 SNKPHeng
|9 174440
|
| 655 |
|
7 |
|a katalógy výstav
|2 SNKPH
|9 70445
|
| 655 |
|
7 |
|a Exhibition catalogs
|2 SNKPHeng
|9 266232
|
| 700 |
1 |
|
|a Šošková, Nina,
|d 1983-
|4 aut
|9 193924
|
| 700 |
1 |
|
|a Galko, Adam
|4 aut
|9 369023
|
| 700 |
1 |
|
|a Zvedelová, Kristína,
|d 1979-
|4 aut
|9 160334
|
| 700 |
1 |
|
|a Horban, Marko,
|d 1975-
|4 pht
|9 221748
|
| 700 |
1 |
|
|a Klimová, Ivana
|4 trl
|9 340345
|
| 700 |
1 |
|
|a Šoška, Erika
|4 trl
|9 369024
|
| 852 |
|
|
|a Slovenská národná knižnica
|
| 919 |
|
|
|a 978-80-99920-12-6
|
| 954 |
|
|
|a obrazové publikácie zamerané na výtvarné umenie a fotografiu pôvodné (slovenské)
|2 lita
|
| 999 |
|
|
|c 613331
|d 615261
|
| 952 |
|
|
|a SNK
|b SNK
|y PREZ
|7 0
|p 17A1481296
|o snkOSC 29567
|i snk2022/5525
|8 0
|0 0
|1 0
|4 0
|d 2022-04-13
|l 0
|r 2026-02-23 16:29:58
|w 2026-02-23
|
| 952 |
|
|
|a SNK
|b SNK
|y VYP
|7 0
|p 17A1481297
|o snkOSC 29567 D1
|i snk2022/5526
|8 0
|0 0
|1 0
|4 0
|d 2022-04-13
|l 0
|r 2026-02-23 16:29:58
|w 2026-02-23
|